Commonwealth fiction : (Record no. 8246)
[ view plain ]
| 000 -LEADER | |
|---|---|
| fixed length control field | 00497cam a2200205ua 4500 |
| 001 - CONTROL NUMBER | |
| control field | 9183 |
| 005 - DATE AND TIME OF LATEST TRANSACTION | |
| control field | 20260515114434.0 |
| 008 - FIXED-LENGTH DATA ELEMENTS--GENERAL INFORMATION | |
| fixed length control field | 150223n ii |||gr||||Z||||||eng |
| 020 ## - INTERNATIONAL STANDARD BOOK NUMBER | |
| International Standard Book Number | 8170540461 |
| 040 ## - CATALOGING SOURCE | |
| Transcribing agency | MAIN |
| 041 ## - LANGUAGE CODE | |
| Language code of text/sound track or separate title | eng |
| 082 ## - DEWEY DECIMAL CLASSIFICATION NUMBER | |
| Classification number | 823 |
| 100 ## - MAIN ENTRY--PERSONAL NAME | |
| Personal name | Dhawan, R. K., |
| Relator term | Editor. |
| 245 1# - TITLE STATEMENT | |
| Title | Commonwealth fiction : |
| Remainder of title | Vol. II / |
| Statement of responsibility, etc. | Edited by R. K. Dhawan . |
| 250 ## - EDITION STATEMENT | |
| Edition statement | 1st. |
| 260 ## - PUBLICATION, DISTRIBUTION, ETC. | |
| Place of publication, distribution, etc. | New delhi: |
| Name of publisher, distributor, etc. | Classical, |
| Date of publication, distribution, etc. | 1988. |
| 300 ## - PHYSICAL DESCRIPTION | |
| Extent | 284p. |
| 653 ## - INDEX TERM--UNCONTROLLED | |
| Uncontrolled term | English fiction |
| 942 ## - ADDED ENTRY ELEMENTS (KOHA) | |
| Koha item type | Books |
| Withdrawn status | Lost status | Damaged status | Not for loan | Home library | Current library | Shelving location | Date acquired | Total checkouts | Full call number | Barcode | Date last seen | Copy number | Price effective from | Koha item type |
|---|---|---|---|---|---|---|---|---|---|---|---|---|---|---|
| Naharkatiya College Library | Naharkatiya College Library | General stacks | 09/19/2020 | 823 | COM | 4852 | 09/19/2020 | 1 | 09/19/2020 | Books |